000
00199nam a22000977a 4500
082
_a
823
_b
STI/G
100
_a
STINE, R L
245
_a
GOOSEBUMPS MONSTER BLOOD 3
650
_a
ENGLISH STORY
942
_c
BK
999
_c
7649
_d
7649